Logo BPK

Biblioteka

Politechniki Koszalińskiej

Turbo C++ für Windows : (Rekord nr 29699)

Szczegóły MARC
000 -ETYKIETA REKORDU
podpole kontrolne o stałej długości 00433nam a2200157 i 4500
001 - NUMER KONTROLNY REKORDU
pole kontrolne bg
040 ## - ŹRÓDŁO KATALOGOWANIA
Instytucja, która utworzyła rekord BPK
041 ## - KOD JĘZYKA
Kod języka tekstu pol
008 - POLE O STAŁEJ DŁUGOŚCI - DANE KONTROLNE
podpole kontrolne o stałej długości s pl f |000 0 pol
100 1# - NAZWA OSOBOWA
Nazwa osobowa SCHUMONN, Hans-Georg
245 #0 - TYTUŁ/ODPOWIEDZIALNOŚĆ
Tytuł Turbo C++ für Windows :
Ciąg dalszy tytułu Obiektorientierks Programmieren mit Object Windows /
Pozostałe elementy strefy tytułu i oznaczenia odpowiedzialności Hans-Georg Schumonn.
260 ## - STREFA ADRESU WYDAWNICZEGO
Miejsce wydania Bonn,
Data publikacji, dystrybucji/powstania dokumentu 1992.
630 ## - HASŁO PRZEDMIOTOWE W FORMIE TYTUŁU UJEDNOLICONEGO
Tytuł ujednolicony WINDOWS
650 ## - HASŁO PRZEDMIOTOWE W FORMIE NAZWY OGÓLNEJ LUB JEDNOSTKOWEJ
Nazwa ogólna lub geograficzna C (język programowania)
856 ## - LOKALIZACJA I DOSTĘP DO ELEKTRONICZNYCH DOKUMENTÓW ZDALNYCH
Link (URL) http://koha.tu.koszalin.pl/cgi-bin/koha/opac-detail.pl?biblionumber=29699
Tekst linku Katalog online BPK
942 ## - DODATKOWE ELEMENTY (KOHA)
Typ dokumentu Książka
Egzemplarze
Wycofany Status egzemplarza Uszkodzony Dostępność Lokalizacja stała Lokalizacja bieżąca Miejsce przechowywania Sygnatura Kod kreskowy Typ dokumentu
      Dostępny Biblioteka Politechniki Koszalińskiej Biblioteka Politechniki Koszalińskiej Wypożyczalnia BG 35985 09100657 Książka
© 2023 Biblioteka Politechniki Koszalińskiej :: KOHA